01945 2200853 4500001002100000005001500021035002000036007000300056008004100059082001600100084002200116245012200138250001000260260007800270300003400348700002500382700001900407020002200426100002000448650002000468504002500488990000900513990001100522990001100533990001100544990001100555990001100566990001100577990001100588990001100599990001100610990001100621990001100632990001200643990001200655990001100667990001100678990001100689990001100700990001100711990001100722990001100733990001100744990001100755990001100766990001100777990001100788990001100799990001100810990001100821990001100832990001200843990001100855990001100866990001100877990001100888990001100899990001100910990001100921990001100932990001200943990001100955990001100966990001100977990001100988990001100999990001101010990001101021990001101032990001201043990001201055990001201067990001201079INLIS00000000000769420210407033608 a0010-0321001064ta210407 g 0 ind  aR.793.459 8 aR.793.459 8 TAU p1 aPermainan dan Alat Musik Tradisional Kota Pangkalpinang /cTaufik Hidayat, Pupung P. Damayanti; editor, Akhmad Elvian acet.2 aPangkalpinang :bDinas Kebudayaan, Pariwisata, Pemuda dan Olahraga,c2014 ax, 85 hal. :bilus. ;c21 cm.0 aPUPUNG, P. Damayanti0 aAKHMAD, Elvian a978-979-19634-9-70 aTAUFIK, Hidayat 4aPERMAINAN-MUSIK aBibliografi : hal.85 a4106 a4106 a a4106 b a4106 a a4106 a a4106 b a4106 c a4720 c a4720 b a4720 a a4720 d a4720 e a11891 a a11891 a a4106 b a4106 a a4106 c a4720 c a4720 b a4720 a a4720 d a4720 e a4106 c a4106 b a4106 a a4720 c a4720 b a4720 a a4720 d a4720 e a11891 a a4106 b a4106 a a4106 c a4720 c a4720 b a4720 a a4720 d a4720 e a11891 a a4106 a a4106 b a4106 c a4720 c a4720 b a4720 a a4720 d a4720 e a11891 a a12363 a a12363 b a12363 c